00418 2200169 4500245004000000020002200040250001100062100001700073700002400090650001700114005001900131260004100150041001400191084001100205300002300216336000900239 aThousand DreamscDian MarianihText a978-602-04-7675-9 aCet. 1 aDian Mariani aPradita Seti Rahayu aNovel Remaja a20230213153108 aJakartabElex Media Komputindoc2018 aIndonesia a808.83 a208 hlm. :c19 cm. atext